000 00802nam a22002177a 4500
005 20100810123141.0
010 _aENG-99234
020 _a938006053-X
_c175.00
020 _a9789380060538
_c175.00
035 _aEN-82766
037 _bDBAD/PUB
082 _a005.133
100 _aKavitha, P.
_910521
245 _aAdvanced java programming /
_cby P. Kavitha
260 _aSalem
_bM. S. K Publications
_c2009
270 _a3/189-E, Athanoor Amman kovil St., Masinayaganpatti-Post, Ayyothiyappattinam
_bSalem
_e636103
300 _a211p.
_c20cm (pbk)
650 _aComputer programming language
_910522
942 _2ddc
_cEN
_h005.133
_mKAV
999 _c40616
_d40616